| 000 | 00605nam a2200181Ia 4500 | ||
|---|---|---|---|
| 003 | GCL | ||
| 008 | 140319s9999 xx 000 0 ara d | ||
| 040 |
_aGCL / _cGCL |
||
| 082 | 0 | 4 |
_a811.6 _bر ف |
| 100 | 1 | _aرضا محسن القريشى | |
| 245 | 1 | 0 |
_aالفنون الشعرية غير المعربة: الجزء الثانى الزجل فى المشرق / _cرضا محسن القريشى |
| 300 | _a199 ص | ||
| 490 |
_aالهيئة العامة للاستعلامات _v0 |
||
| 650 | 0 | 4 | _aالشعر العربى |
| 650 | 0 | 4 | _aالادب العربى |
| 650 | 0 | 4 | _aالزجل |
| 942 |
_2ddc _cBK |
||
| 999 |
_c47062 _d47062 |
||